[Event "World ol U16 11th"]
[Site "Istanbul"]
[Date "2012.09.05"]
[Round "10.15"]
[White "McDonald, Ian"]
[Black "Crismann, Alessandro Claudio"]
[Result "1/2-1/2"]
[WhiteElo "1869"]
[BlackElo "1766"]
[PlyCount "63"]
[EventDate "2012.08.29"]
[EventType "team-swiss"]
[EventRounds "10"]
[EventCountry "TUR"]
[SourceTitle "CBM 150 Extra"]
[Source "ChessBase"]
[SourceDate "2012.10.19"]
[SourceVersion "1"]
[SourceVersionDate "2012.10.19"]
[SourceQuality "1"]
[WhiteTeam "Scotland (U16)"]
[BlackTeam "South Africa (U16) II"]
[WhiteTeamCountry "SCO"]
[BlackTeamCountry "RSA"]

1. e4 c5 2. Nf3 Nc6 3. d4 cxd4 4. Nxd4 g6 5. c4 Bg7 6. Be3 Nf6 7. Nc3 0-0 8. Be2 d6 9. 0-0 Bd7 10. Qd2 a6 11. f3 Rc8 12. b3 Qc7 13. Rac1 Nxd4 14. Bxd4 Bc6 15. Qe3 Nd7 16. Bxg7 Kxg7 17. Kh1 Qb6 18. Qd2 Qa5 19. f4 f5 20. Qb2 Nf6 21. b4 Qb6 22. e5 dxe5 23. fxe5 Ne4 24. Nxe4 Bxe4 25. c5 Qc6 26. Bc4 Rfd8 27. Rfd1 Bd5 28. Qe2 e6 29. Bxd5 exd5 30. e6 Re8 31. Qe5+ Kf8 32. Re1 1/2-1/2

[Event "World ol U16 11th"]
[Site "Istanbul"]
[Date "2012.09.03"]
[Round "8.18"]
[White "McDonald, Ian"]
[Black "Mutlu, Beste"]
[Result "0-1"]
[WhiteElo "1869"]
[BlackElo "1646"]
[PlyCount "130"]
[EventDate "2012.08.29"]
[EventType "team-swiss"]
[EventRounds "10"]
[EventCountry "TUR"]
[SourceTitle "CBM 150 Extra"]
[Source "ChessBase"]
[SourceDate "2012.10.19"]
[SourceVersion "1"]
[SourceVersionDate "2012.10.19"]
[SourceQuality "1"]
[WhiteTeam "Scotland (U16)"]
[BlackTeam "Turkey White U16 Girls"]
[WhiteTeamCountry "SCO"]
[BlackTeamCountry "TUR"]

1. e4 d5 2. exd5 Qxd5 3. Nc3 Qd6 4. d4 c6 5. Nf3 Bg4 6. Bc4 Nf6 7. 0-0 Nbd7 8. Be3 e6 9. h3 Bh5 10. Qe2 Be7 11. a3 0-0 12. g4 Bg6 13. Bb3 Rad8 14. Nd2 Qc7 15. f4 Rfe8 16. Nf3 a6 17. Ne5 c5 18. Nxg6 hxg6 19. Rad1 cxd4 20. Bxd4 Bc5 21. Qf2 Bxd4 22. Rxd4 Qa5 23. Rfd1 Qc7 24. Rd6 Nd5 25. Ne4 N7b6 26. Rxd8 Rxd8 27. f5 Qe5 28. Qxb6 Rf8 29. Qd4 Qc7 30. Bxd5 exd5 31. Qxd5 gxf5 32. Qxf5 Qb6+ 33. Kh1 Qxb2 34. Qg5 Re8 35. c3 Qb6 36. Ng3 Qc6+ 37. Qd5 Qxc3 38. Rf1 Qc7 39. Ne4 Qe7 40. Nd6 Rd8 41. Nf5 Qc7 42. Qf3 Rd2 43. Ng3 Rd8 44. Ne4 Qe7 45. Ng3 Qc7 46. a4 Rd4 47. Nf5 Rd2 48. Ng3 Rd8 49. a5 Rd4 50. Qe3 Rd8 51. Qf3 Rd4 52. Ne2 Rd8 53. Qf4 Qc6+ 54. Kg1 Qc5+ 55. Qf2 Qd5 56. Nc3 Qb3 57. Qb6 Qxb6+ 58. axb6 Rd3 59. Na4 Rxh3 60. Nc5 Rc3 61. Nd7 f6 62. g5 Rd3 63. g6 Rxd7 64. Rc1 Kf8 65. Rc7 Ke7 0-1

[Event "World ol U16 11th"]
[Site "Istanbul"]
[Date "2012.09.03"]
[Round "7.15"]
[White "Taalaibekov, Tagir"]
[Black "McDonald, Ian"]
[Result "1-0"]
[WhiteElo "1849"]
[BlackElo "1869"]
[PlyCount "51"]
[EventDate "2012.08.29"]
[EventType "team-swiss"]
[EventRounds "10"]
[EventCountry "TUR"]
[SourceTitle "CBM 150 Extra"]
[Source "ChessBase"]
[SourceDate "2012.10.19"]
[SourceVersion "1"]
[SourceVersionDate "2012.10.19"]
[SourceQuality "1"]
[WhiteTeam "Kyrgyzstan (U16)"]
[BlackTeam "Scotland (U16)"]
[WhiteTeamCountry "KGZ"]
[BlackTeamCountry "SCO"]

1. d4 Nf6 2. g3 e6 3. Bg2 d5 4. Nf3 b6 5. 0-0 Bb7 6. c4 dxc4 7. Qa4+ Nbd7 8. Qxc4 Bd6 9. Nc3 0-0 10. Re1 c5 11. Nb5 Be7 12. Bf4 a6 13. Nd6 Bd5 14. Qd3 Nh5 15. Ne4 Nxf4 16. gxf4 f5 17. Nc3 c4 18. Qe3 Kh8 19. Nxd5 exd5 20. Qe6 Nf6 21. Ne5 Bb4 22. Red1 Qe7 23. Bxd5 Nxd5 24. Qxd5 b5 25. a3 Rad8 26. Qf3 1-0

[Event "World ol U16 11th"]
[Site "Istanbul"]
[Date "2012.08.29"]
[Round "1.17"]
[White "Pechac, Jergus"]
[Black "McDonald, Ian"]
[Result "0-1"]
[WhiteElo "2081"]
[BlackElo "1869"]
[PlyCount "118"]
[EventDate "2012.08.29"]
[EventType "team-swiss"]
[EventRounds "10"]
[EventCountry "TUR"]
[SourceTitle "CBM 150 Extra"]
[Source "ChessBase"]
[SourceDate "2012.10.19"]
[SourceVersion "1"]
[SourceVersionDate "2012.10.19"]
[SourceQuality "1"]
[WhiteTeam "Slovakia (U16) II"]
[BlackTeam "Scotland (U16)"]
[WhiteTeamCountry "SVK"]
[BlackTeamCountry "SCO"]

1. e4 e5 2. Nc3 Nc6 3. Bc4 Nf6 4. d3 Bc5 5. Nf3 d6 6. Bg5 h6 7. Bh4 g5 8. Bg3 Qe7 9. Qd2 Be6 10. Bb5 Bd7 11. 0-0-0 Nd4 12. Nxd4 Bxd4 13. Bxd7+ Qxd7 14. Ne2 Bb6 15. h4 g4 16. f4 gxf3 17. gxf3 Nh5 18. f4 Rg8 19. Bh2 Qh3 20. Ng1 Qxh4 21. fxe5 Ng3 22. Nf3 Qg4 23. Bxg3 Qxf3 24. Bf4 dxe5 25. Rdf1 Qg4 26. Bxe5 Qe6 27. Bf6 Qxa2 28. b3 Rg3 29. Qc3 Be3+ 30. Kd1 Rg2 31. Qb2 Rd2+ 32. Ke1 Qxb2 33. Bxb2 Rxc2 34. Bg7 0-0-0 35. Bxh6 Rc1+ 36. Ke2 Rxf1 37. Kxf1 Rh8 38. Ke2 Bxh6 39. Kf3 Bg7 40. Rg1 Be5 41. Rd1 Rg8 42. d4 Rd8 43. d5 Rg8 44. Ke2 Rg2+ 45. Kd3 b5 46. Rc1 f6 47. Rb1 Rg3+ 48. Ke2 a5 49. Kd2 a4 50. bxa4 bxa4 51. d6 cxd6 52. Rb6 a3 53. Ra6 a2 54. Rxa2 Rg2+ 55. Kd3 Rxa2 56. Kc4 Kd7 57. Kd5 f5 58. exf5 Ra4 59. f6 Rd4# 0-1

[Event "EU-ch U16"]
[Site "Prague"]
[Date "2012.08.21"]
[Round "5"]
[White "Popov, Kirill"]
[Black "McDonald, Ian"]
[Result "1/2-1/2"]
[WhiteElo "2037"]
[BlackElo "1869"]
[PlyCount "81"]
[EventDate "2012.08.17"]
[EventType "swiss"]
[EventRounds "9"]
[EventCountry "CZE"]
[SourceTitle "CBM 150 Extra"]
[Source "ChessBase"]
[SourceDate "2012.10.19"]
[SourceVersion "1"]
[SourceVersionDate "2012.10.19"]
[SourceQuality "1"]

1. e4 e5 2. Nf3 Nc6 3. Bb5 a6 4. Ba4 Nf6 5. d3 d6 6. c3 Be7 7. 0-0 0-0 8. Re1 b5 9. Bb3 Nb8 10. a4 Bb7 11. axb5 axb5 12. Rxa8 Bxa8 13. Nbd2 Nbd7 14. d4 c5 15. dxe5 dxe5 16. c4 b4 17. Qc2 Qc7 18. Nf1 Rd8 19. Bg5 Nf8 20. Bxf6 Bxf6 21. Ne3 g6 22. Nd5 Bxd5 23. cxd5 Ra8 24. Ba4 c4 25. Bc6 Ra2 26. Qxc4 Rxb2 27. Qa6 b3 28. Qa3 Ra2 29. Qxb3 Qa7 30. Qe3 Qa5 31. h3 Be7 32. Rc1 Ba3 33. Rc4 Bd6 34. Qb3 Ra3 35. Ra4 Rxb3 36. Rxa5 Rb1+ 37. Kh2 Rb2 38. Kg3 Rb1 39. Kh2 Rb2 40. Kg1 Rb1+ 41. Kh2 1/2-1/2

[Event "EU-ch U16"]
[Site "Prague"]
[Date "2012.08.17"]
[Round "1"]
[White "Radovanovic, Nikola"]
[Black "McDonald, Ian"]
[Result "1-0"]
[WhiteElo "2184"]
[BlackElo "1869"]
[PlyCount "65"]
[EventDate "2012.08.17"]
[EventType "swiss"]
[EventRounds "9"]
[EventCountry "CZE"]
[SourceTitle "CBM 150 Extra"]
[Source "ChessBase"]
[SourceDate "2012.10.19"]
[SourceVersion "1"]
[SourceVersionDate "2012.10.19"]
[SourceQuality "1"]

1. e4 e5 2. Nf3 Nc6 3. d4 exd4 4. Nxd4 Bc5 5. Nb3 Bb6 6. Nc3 Nge7 7. Be2 d6 8. Bg5 Be6 9. Qd2 f6 10. Be3 Qd7 11. f4 0-0-0 12. 0-0-0 f5 13. Bxb6 axb6 14. Bb5 fxe4 15. Nxe4 Bxb3 16. axb3 Rhf8 17. Rhf1 Rf5 18. Be2 Ra5 19. Kb1 d5 20. Nf2 Kb8 21. Nd3 d4 22. b4 Rd5 23. b5 Na7 24. Ne5 Qe8 25. Bc4 Nxb5 26. Bxd5 Nxd5 27. Rf3 Nbc3+ 28. bxc3 Qb5+ 29. Kc1 Qa5 30. Qxd4 Qa3+ 31. Kd2 c5 32. Qd3 Kc7 33. Ke1 1-0

[Event "GBR-ch 99th"]
[Site "North Shields"]
[Date "2012.07.30"]
[Round "7"]
[White "Lenier, Jude"]
[Black "McDonald, Ian"]
[Result "1-0"]
[WhiteElo "2016"]
[BlackElo "1876"]
[PlyCount "67"]
[EventDate "2012.07.23"]
[EventType "swiss"]
[EventRounds "11"]
[EventCountry "ENG"]
[SourceTitle "CBM 149 Extra"]
[Source "ChessBase"]
[SourceDate "2012.08.24"]
[SourceVersion "1"]
[SourceVersionDate "2012.08.24"]
[SourceQuality "1"]

1. e4 e5 2. Nf3 Nc6 3. Bc4 d6 4. 0-0 Be7 5. h3 Nf6 6. Re1 Be6 7. d3 Qd7 8. c3 h6 9. Nbd2 g5 10. Bxe6 fxe6 11. d4 exd4 12. Nxd4 0-0-0 13. b4 Nxd4 14. cxd4 g4 15. hxg4 Rhg8 16. f3 h5 17. gxh5 Nxh5 18. Nf1 Bh4 19. Re2 e5 20. Rc2 Qh7 21. Be3 d5 22. Rac1 Rd7 23. exd5 e4 24. d6 c6 25. b5 exf3 26. Qxf3 Rf7 27. Qh3+ Kb8 28. bxc6 Rxf1+ 29. Rxf1 Qxc2 30. c7+ Ka8 31. Rc1 Bf2+ 32. Kh2 Bg3+ 33. Kh1 Rf8 34. c8Q+ 1-0

[Event "GBR-ch 99th"]
[Site "North Shields"]
[Date "2012.07.23"]
[Round "1"]
[White "Varnam, Liam"]
[Black "McDonald, Ian"]
[Result "1-0"]
[WhiteElo "2070"]
[BlackElo "1876"]
[PlyCount "63"]
[EventDate "2012.07.23"]
[EventType "swiss"]
[EventRounds "11"]
[EventCountry "ENG"]
[SourceTitle "CBM 149 Extra"]
[Source "ChessBase"]
[SourceDate "2012.08.24"]
[SourceVersion "1"]
[SourceVersionDate "2012.08.24"]
[SourceQuality "1"]

1. e4 e5 2. Nf3 Nc6 3. Bb5 a6 4. Ba4 Nf6 5. 0-0 Be7 6. Re1 d6 7. c3 0-0 8. h3 Re8 9. d4 exd4 10. cxd4 d5 11. exd5 Nxd5 12. Ne5 Bd7 13. Nxf7 Qc8 14. Bb3 Be6 15. Ng5 Bxg5 16. Bxg5 Bf7 17. Rxe8+ Qxe8 18. Nc3 Qd7 19. Nxd5 Bxd5 20. Qf3 Bxb3 21. Qxb3+ Kh8 22. Qxb7 Rb8 23. Qxa6 Nxd4 24. b3 Qd5 25. Qc4 Nf3+ 26. gxf3 Qxg5+ 27. Qg4 Qe5 28. Rc1 Rf8 29. Qg3 Rf4 30. Rc4 Qe1+ 31. Kg2 Rf6 32. Re4 1-0

[Event "London e2e4 Diamond Jubilee op"]
[Site "London"]
[Date "2012.06.06"]
[Round "8"]
[White "Tozer, Philip AA"]
[Black "McDonald, Ian"]
[Result "1/2-1/2"]
[WhiteElo "2199"]
[BlackElo "1840"]
[PlyCount "119"]
[EventDate "2012.06.02"]
[EventType "swiss"]
[EventRounds "9"]
[EventCountry "ENG"]
[SourceTitle "CBM 148 Extra"]
[Source "ChessBase"]
[SourceDate "2012.06.22"]
[SourceVersion "1"]
[SourceVersionDate "2012.06.22"]
[SourceQuality "1"]

1. c4 e5 2. g3 Nf6 3. Bg2 c5 4. Nc3 Nc6 5. Nf3 d6 6. 0-0 Be7 7. a3 0-0 8. Rb1 Be6 9. d3 Qc7 10. Ne1 Rad8 11. Nd5 Qd7 12. Nc2 Nd4 13. Nce3 Nf5 14. Nxf5 Bxf5 15. b4 b6 16. bxc5 dxc5 17. Bb2 Nxd5 18. Bxd5 Be6 19. e4 Bxd5 20. cxd5 Bd6 21. f4 f6 22. Rf2 c4 23. d4 exd4 24. Bxd4 Bxa3 25. Ra2 Qe7 26. Qf3 Bc5 27. Bxc5 Qxc5+ 28. Qf2 Qxf2+ 29. Kxf2 Rd7 30. Rc1 Rc8 31. Ke3 f5 32. Rac2 fxe4 33. Rxc4 Rxc4 34. Rxc4 Rxd5 35. Rc8+ Kf7 36. Rc7+ Kf6 37. Rxa7 Rb5 38. Kxe4 Rb2 39. Rb7 b5 40. Rb6+ Kf7 41. h4 b4 42. Rb5 b3 43. Rb7+ Kf8 44. g4 Rb1 45. h5 b2 46. g5 Ke8 47. h6 gxh6 48. gxh6 Rh1 49. Rxb2 Rxh6 50. Rb7 Kf8 51. Ke5 Rh1 52. f5 h5 53. Kf6 Ke8 54. Rb8+ Kd7 55. Kf7 h4 56. f6 h3 57. Rb2 Rd1 58. Rh2 Rd3 59. Kg7 Rg3+ 60. Kf7 1/2-1/2

[Event "London e2e4 Diamond Jubilee op"]
[Site "London"]
[Date "2012.06.05"]
[Round "7"]
[White "McDonald, Ian"]
[Black "McMahon, Daire"]
[Result "1-0"]
[WhiteElo "1840"]
[BlackElo "2229"]
[PlyCount "63"]
[EventDate "2012.06.02"]
[EventType "swiss"]
[EventRounds "9"]
[EventCountry "ENG"]
[SourceTitle "CBM 148 Extra"]
[Source "ChessBase"]
[SourceDate "2012.06.22"]
[SourceVersion "1"]
[SourceVersionDate "2012.06.22"]
[SourceQuality "1"]

1. e4 e5 2. Nf3 Nc6 3. Bc4 Nf6 4. d3 Be7 5. Nc3 d6 6. Be3 Bg4 7. h3 Bh5 8. g4 Bg6 9. Qd2 Na5 10. Bb3 c6 11. 0-0-0 Nxb3+ 12. axb3 Qc7 13. Kb1 b5 14. Nh4 Nd7 15. Nf5 Bxf5 16. gxf5 a5 17. d4 a4 18. f4 axb3 19. cxb3 b4 20. Na4 f6 21. Rhg1 Rg8 22. Qe2 0-0-0 23. Rc1 Kb7 24. Qc4 c5 25. Qb5+ Ka8 26. dxc5 dxc5 27. Nxc5 exf4 28. Na6 Qb7 29. Rc7 Qxe4+ 30. Ka2 fxe3 31. Nb8 Bc5 32. Nc6 1-0

[Event "London e2e4 Diamond Jubilee op"]
[Site "London"]
[Date "2012.06.05"]
[Round "6"]
[White "Taylor, Dale C"]
[Black "McDonald, Ian"]
[Result "0-1"]
[WhiteElo "1990"]
[BlackElo "1840"]
[PlyCount "90"]
[EventDate "2012.06.02"]
[EventType "swiss"]
[EventRounds "9"]
[EventCountry "ENG"]
[SourceTitle "CBM 148 Extra"]
[Source "ChessBase"]
[SourceDate "2012.06.22"]
[SourceVersion "1"]
[SourceVersionDate "2012.06.22"]
[SourceQuality "1"]

1. Nf3 Nc6 2. d4 d5 3. e3 Bg4 4. Be2 Qd6 5. b3 0-0-0 6. c4 Nf6 7. Ba3 Qd7 8. Nc3 Bxf3 9. Bxf3 dxc4 10. bxc4 e5 11. Bxf8 Rhxf8 12. d5 Qe7 13. Qa4 Qb4 14. 0-0 Qxa4 15. Nxa4 Na5 16. Rac1 b6 17. e4 c5 18. g3 Nb7 19. Rfe1 Nd6 20. Bg2 Rde8 21. Nb2 g5 22. f4 gxf4 23. gxf4 Rg8 24. Kf1 exf4 25. e5 Ng4 26. exd6 Ne3+ 27. Rxe3 Rxe3 28. Nd1 Rd3 29. Nf2 Ra3 30. Bh3+ Kd8 31. Rc2 Rg6 32. d7 Rh6 33. Bg4 Rxh2 34. Re2 Re3 35. Rxe3 fxe3 36. Nd3 a5 37. Bf5 Rxa2 38. Ke1 f6 39. Be6 h5 40. Nf4 Rh2 41. d6 Rd2 42. Nd5 a4 43. Nxe3 Rxd6 44. Bf5 a3 45. Nc2 a2 0-1

[Event "London e2e4 Diamond Jubilee op"]
[Site "London"]
[Date "2012.06.03"]
[Round "3"]
[White "McDonald, Ian"]
[Black "Rizvi, Nasir"]
[Result "1/2-1/2"]
[WhiteElo "1840"]
[BlackElo "2074"]
[PlyCount "118"]
[EventDate "2012.06.02"]
[EventType "swiss"]
[EventRounds "9"]
[EventCountry "ENG"]
[SourceTitle "CBM 148 Extra"]
[Source "ChessBase"]
[SourceDate "2012.06.22"]
[SourceVersion "1"]
[SourceVersionDate "2012.06.22"]
[SourceQuality "1"]

1. e4 c6 2. d4 d5 3. Nc3 dxe4 4. Nxe4 Bf5 5. Ng3 Bg6 6. h4 h6 7. Nf3 Nd7 8. Bd3 Bxd3 9. Qxd3 e6 10. Bf4 Qa5+ 11. Bd2 Bb4 12. c3 Be7 13. a4 Ngf6 14. 0-0 0-0 15. Rfe1 Rfe8 16. b4 Qc7 17. c4 Rad8 18. Rac1 Ng4 19. Qb3 Ndf6 20. Ne4 Nxe4 21. Rxe4 f5 22. Bf4 Bd6 23. Bxd6 Qxd6 24. Re2 Nf6 25. Rce1 Ne4 26. c5 Qd5 27. Nd2 Nxd2 28. Qxd5 Rxd5 29. Rxd2 e5 30. f4 Red8 31. fxe5 Rxd4 32. Rf2 Kf7 33. Rxf5+ Ke6 34. Rf3 Rxb4 35. Rg3 Rd5 36. Rg6+ Kf5 37. e6 Re4 38. Rxe4 Kxe4 39. e7 Re5 40. Rxg7 Kd5 41. e8Q Rxe8 42. Rxb7 a5 43. Ra7 Kxc5 44. Rxa5+ Kb4 45. Rh5 Re6 46. g4 c5 47. g5 hxg5 48. hxg5 Kxa4 49. Kf2 c4 50. Kf3 c3 51. Rh1 c2 52. Kf4 Kb3 53. Kf5 Re8 54. Rc1 Kb2 55. Rxc2+ Kxc2 56. g6 Kd3 57. g7 Kd4 58. Kg6 Ke5 59. Kf7 Rc8 1/2-1/2

[Event "Wch U16"]
[Site "Caldas Novas"]
[Date "2011.11.18"]
[Round "1"]
[White "Srbis, Jurica"]
[Black "McDonald, Ian"]
[Result "1-0"]
[WhiteElo "2286"]
[BlackElo "1858"]
[PlyCount "66"]
[EventDate "2011.11.18"]
[EventType "swiss"]
[EventRounds "9"]
[EventCountry "BRA"]
[SourceTitle "EXT 2013"]
[Source "ChessBase"]
[SourceDate "2012.11.22"]
[SourceVersion "1"]
[SourceVersionDate "2012.11.22"]
[SourceQuality "1"]

1. e4 e5 2. Nf3 Nc6 3. Bb5 a6 4. Ba4 Nf6 5. d4 Nxd4 6. Nxd4 exd4 7. e5 Nd5 8. Qxd4 Nb6 9. 0-0 Be7 10. Nc3 0-0 11. Be3 Nxa4 12. Qxa4 d5 13. exd6 Bxd6 14. Rad1 Bd7 15. Qd4 Re8 16. Bf4 Re6 17. Bxd6 Rxd6 18. Qb4 Bc6 19. Rxd6 Qxd6 20. Qxd6 cxd6 21. Rd1 Rd8 22. f3 f6 23. Ne2 Kf7 24. Kf2 d5 25. c4 Rd7 26. c5 g5 27. Nd4 Rc7 28. b4 Bb5 29. Ke1 a5 30. a3 Bd7 31. Rc1 axb4 32. axb4 b6 33. c6 Ke7 1-0

[Event "Dundee & Angus op"]
[Site "Dundee"]
[Date "2011.10.16"]
[Round "4"]
[White "McDonald, Ian"]
[Black "Bremner, Adam"]
[Result "1/2-1/2"]
[WhiteElo "1988"]
[BlackElo "2068"]
[PlyCount "42"]
[EventDate "2011.10.14"]
[EventType "swiss"]
[EventRounds "5"]
[EventCountry "SCO"]
[SourceTitle "EXT 2017"]
[Source "ChessBase"]
[SourceDate "2016.10.25"]
[SourceVersion "1"]
[SourceVersionDate "2016.10.25"]
[SourceQuality "1"]

1. e4 c5 2. Nf3 Nc6 3. d4 cxd4 4. Nxd4 d5 5. Nxc6 bxc6 6. exd5 Qxd5 7. Nc3 Qxd1+ 8. Nxd1 Nf6 9. Bd3 e6 10. 0-0 Bd6 11. Ne3 0-0 12. Rd1 Bc7 13. b4 Nd5 14. Nxd5 exd5 15. Rb1 Bd7 16. a4 Rab8 17. c4 c5 18. b5 d4 19. Ba3 Bd6 20. a5 Rfe8 21. Re1 g6 1/2-1/2

[Event "Dundee & Angus op"]
[Site "Dundee"]
[Date "2011.10.15"]
[Round "3"]
[White "Giulian Jackson, Rosemary"]
[Black "McDonald, Ian"]
[Result "0-1"]
[WhiteElo "1764"]
[BlackElo "1988"]
[PlyCount "72"]
[EventDate "2011.10.14"]
[EventType "swiss"]
[EventRounds "5"]
[EventCountry "SCO"]
[SourceTitle "EXT 2017"]
[Source "ChessBase"]
[SourceDate "2016.10.25"]
[SourceVersion "1"]
[SourceVersionDate "2016.10.25"]
[SourceQuality "1"]

1. e4 e5 2. Nf3 Nc6 3. Bb5 Nf6 4. d4 exd4 5. 0-0 Be7 6. Re1 0-0 7. e5 Nd5 8. Bxc6 dxc6 9. Qxd4 Bf5 10. c3 Re8 11. Qd1 c5 12. Nbd2 Nf4 13. Qa4 Nd3 14. Rd1 c6 15. b3 b5 16. Qa3 c4 17. Qa6 Bc5 18. Rf1 Qc7 19. Nd4 Bxd4 20. cxd4 Nb4 21. Qa3 Nc2 22. Qb2 Nxa1 23. Qxa1 Bd3 24. Re1 Qa5 25. bxc4 bxc4 26. Re3 Rab8 27. h3 Qa4 28. Kh2 Qc2 29. Rg3 Re6 30. Rf3 a5 31. Rg3 c3 32. Nb3 a4 33. Rf3 axb3 34. axb3 Rf8 35. Bf4 Be4 36. Rg3 Rg6 0-1

[Event "Wch U14"]
[Site "Kemer"]
[Date "2009.11.13"]
[Round "3"]
[White "McDonald, Ian"]
[Black "Munasinghe, Shanaka"]
[Result "1-0"]
[WhiteElo "1635"]
[BlackElo "1811"]
[PlyCount "84"]
[EventDate "2009.11.12"]
[EventType "swiss"]
[EventRounds "11"]
[EventCountry "TUR"]
[SourceTitle "EXT 2010"]
[Source "ChessBase"]
[SourceDate "2010.11.25"]
[SourceVersion "1"]
[SourceVersionDate "2010.11.25"]
[SourceQuality "1"]

1. e4 c5 2. Nf3 d6 3. d4 cxd4 4. Nxd4 Nf6 5. Nc3 a6 6. Be2 Qc7 7. 0-0 g6 8. Bg5 Nbd7 9. Qd2 Bg7 10. Kh1 h6 11. Be3 Nc5 12. f3 e5 13. Nb3 Be6 14. Rfd1 Rd8 15. Nxc5 dxc5 16. Qxd8+ Qxd8 17. Rxd8+ Kxd8 18. Bxc5 Nd7 19. Rd1 Kc7 20. Bd6+ Kc6 21. b4 Rc8 22. Na4 Bxa2 23. c4 b5 24. cxb5+ axb5 25. Rc1+ Bc4 26. Bxc4 Kxd6 27. Rd1+ Ke7 28. Bxb5 Rc7 29. Rxd7+ Rxd7 30. Bxd7 Kxd7 31. b5 Bf8 32. Kg1 Be7 33. Kf2 Bb4 34. Ke3 Kd6 35. Kd3 Bc5 36. Kc4 Bd4 37. g4 h5 38. h3 hxg4 39. hxg4 g5 40. Kb4 Kc7 41. Kc4 Kb7 42. Kb4 Kc7 1-0

[Event "SCO-ch"]
[Site "Edinburgh"]
[Date "2009.07.13"]
[Round "3"]
[White "Oskarsson, Aron Ingi"]
[Black "McDonald, Ian"]
[Result "0-1"]
[WhiteElo "1876"]
[BlackElo "1545"]
[PlyCount "82"]
[EventDate "2009.07.11"]
[EventType "swiss"]
[EventRounds "9"]
[EventCountry "SCO"]
[SourceTitle "CBM 131 Extra"]
[Source "ChessBase"]
[SourceDate "2009.09.03"]
[SourceVersion "2"]
[SourceVersionDate "2009.09.16"]
[SourceQuality "1"]

1. e4 e5 2. Nf3 Nc6 3. Bc4 Bc5 4. 0-0 d6 5. d3 Bg4 6. c3 Nf6 7. Nbd2 0-0 8. Re1 a5 9. Nf1 Nd7 10. h3 Bh5 11. Ng3 Bxf3 12. Qxf3 Qf6 13. Qe2 Qg6 14. Be3 Bxe3 15. Qxe3 Ne7 16. d4 Kh8 17. Bd3 c6 18. Rad1 Rad8 19. Rf1 c5 20. Ne2 f5 21. f4 Qh6 22. Qg3 fxe4 23. Bxe4 d5 24. Bc2 e4 25. Qf2 c4 26. a4 Nf5 27. g4 Nh4 28. Qg3 Nf3+ 29. Kg2 Qb6 30. Rxf3 exf3+ 31. Qxf3 Nf6 32. Rb1 Ne4 33. Bxe4 dxe4 34. Qxe4 Rfe8 35. Qc2 Qc6+ 36. Kf2 Re4 37. f5 Rde8 38. Ng1 Qd6 39. Nf3 Qf4 40. Qd1 Re2+ 41. Qxe2 Rxe2+ 0-1

[Event "SCO-ch"]
[Site "Edinburgh"]
[Date "2009.07.11"]
[Round "1"]
[White "Hughes, Rhian"]
[Black "McDonald, Ian"]
[Result "1-0"]
[WhiteElo "1850"]
[BlackElo "1545"]
[PlyCount "73"]
[EventDate "2009.07.11"]
[EventType "swiss"]
[EventRounds "9"]
[EventCountry "SCO"]
[SourceTitle "CBM 131 Extra"]
[Source "ChessBase"]
[SourceDate "2009.09.03"]
[SourceVersion "2"]
[SourceVersionDate "2009.09.16"]
[SourceQuality "1"]

1. c4 e5 2. Nc3 Nf6 3. g3 Nc6 4. Bg2 d6 5. e4 Bg4 6. f3 Bh5 7. Nge2 Be7 8. 0-0 0-0 9. d4 Nxd4 10. Nxd4 exd4 11. Qxd4 c6 12. Be3 Qa5 13. Qd2 Rfd8 14. Nd5 Qxd2 15. Nxe7+ Kf8 16. Bxd2 Kxe7 17. Rfe1 Kf8 18. Bc3 Nd7 19. g4 Bg6 20. f4 f6 21. Rad1 Nb6 22. b3 a5 23. c5 Nc8 24. Rd2 b5 25. b4 axb4 26. Bxb4 Ra4 27. a3 d5 28. exd5 cxd5 29. Rxd5 Rxd5 30. Bxd5 Ne7 31. Bb7 Bf7 32. c6 Rxb4 33. axb4 Bd5 34. Rc1 Ke8 35. Rc5 Bf3 36. h3 Ng6 37. Ba8 1-0